Éléments de la théorie des probabilités /

Guardado en:
Autor Principal: Borel, Émile, 1871-1956.
Formato: Libro
Idioma:French
Publicado: Paris : Albin Michel, c1950.
Series:Bibliothèque d'éducation par la science
Etiquetas: Agregar Etiqueta
Sin Etiquetas, Sea el primero en etiquetar este registro!
LEADER 00477nam a22001455a 4500
001 MAT.inmabb001611
008 031124s1950####fr############000#0#fre#d
005 20130315132523.0
245 1 0 |a Éléments de la théorie des probabilités /  |c par Émile Borel. 
260 |a Paris :  |b Albin Michel,  |c c1950. 
300 |a 289 p. ;  |c 20 cm. 
440 0 |a Bibliothèque d'éducation par la science 
100 1 |a Borel, Émile,  |d 1871-1956. 
084 |a 60  |2 msc2000 
859 |h 60  |i B731  |p A-2006  |b BIB. MATEMATICA